[Event "68th ch-BUL"]
[Site "Sofia BUL"]
[Date "2004.04.28"]
[Round "6"]
[White "Dochev,D"]
[Black "Spasov,V"]
[Result "1/2-1/2"]
[WhiteElo "2359"]
[BlackElo "2542"]
[EventDate "2004.04.24"]

1. e4 c6 2. d4 d5 3. e5 Bf5 4. Nf3 e6 5. Be2 Bg6 6. O-O Ne7 7. Nh4 c5 8.
dxc5 Nbc6 9. Nxg6 Nxg6 10. f4 Bxc5+ 11. Kh1 O-O 12. Nd2 f6 13. Nb3 Bb6 14.
exf6 Qxf6 15. c3 Rad8 16. Bd2 Nh4 17. Bd3 Nf5 18. Qh5 g6 19. Qh3 Rfe8 20.
Rae1 1/2-1/2

[Event "68th ch-BUL"]
[Site "Sofia BUL"]
[Date "2004.04.28"]
[Round "6"]
[White "Genov,Peta"]
[Black "Rusev,K"]
[Result "1/2-1/2"]
[WhiteElo "2483"]
[BlackElo "2395"]
[EventDate "2004.04.24"]

1. e4 e5 2. Nf3 Nc6 3. Bb5 a6 4. Ba4 Nf6 5. O-O b5 6. Bb3 Be7 7. Re1 d6 8.
c3 O-O 9. h3 Na5 10. Bc2 c5 11. d4 Qc7 12. Nbd2 1/2-1/2

[Event "68th ch-BUL"]
[Site "Sofia BUL"]
[Date "2004.04.29"]
[Round "7"]
[White "Rusev,K"]
[Black "Dimitrov,V"]
[Result "1/2-1/2"]
[WhiteElo "2395"]
[BlackElo "2459"]
[EventDate "2004.04.24"]

1. e4 c5 2. Nf3 d6 3. d4 cxd4 4. Nxd4 Nf6 5. Nc3 a6 6. f4 g6 7. e5 Ng4 8.
e6 Nf6 9. exf7+ Kxf7 10. Bc4+ d5 11. Nf3 e6 12. f5 gxf5 13. Ne5+ Kg8 14.
Bg5 Be7 15. Bb3 Nc6 16. Nf3 h6 17. Bf4 Kh7 18. Qe2 Bd6 1/2-1/2

[Event "68th ch-BUL"]
[Site "Sofia BUL"]
[Date "2004.04.29"]
[Round "7"]
[White "Spasov,V"]
[Black "Genov,Peta"]
[Result "1/2-1/2"]
[WhiteElo "2542"]
[BlackElo "2483"]
[EventDate "2004.04.24"]

1. e4 c6 2. d4 d5 3. Nd2 dxe4 4. Nxe4 Bf5 5. Ng3 Bg6 6. h4 h6 7. Nf3 Nf6 8.
h5 Bh7 9. Bd3 Bxd3 10. Qxd3 e6 11. Bd2 c5 12. Ne4 Nc6 13. Bc3 Nb4 14. Nxf6+
gxf6 15. Qe2 Nd5 16. Bd2 cxd4 17. Nxd4 Qb6 18. O-O-O Rc8 19. Nb3 Nb4 20.
Kb1 Qa6 21. Qxa6 Nxa6 22. Rh4 Rg8 23. g3 f5 24. Be3 Nb4 25. Bxa7 Be7 26.
Rhh1 Nxc2 27. a3 Rg4 28. Rc1 Ra8 29. Rxc2 Rxa7 30. Rd1 Ra8 31. Rc7 Rb8 32.
Rdd7 Bd8 33. Rxb7 Rxb7 34. Rxb7 Rg5 35. a4 f4 36. g4 f3 37. Rb4 f5 38. gxf5
Rxf5 39. Kc2 Rxh5 40. Kd3 Rh2 41. Ke3 Bh4 42. a5 Bxf2+ 43. Kxf3 Bg1 44. Nc1
Rf2+ 45. Ke4 Rf5 46. Nb3 Kd7 47. a6 Kc6 48. Nd4+ Bxd4 49. Rxd4 1/2-1/2

[Event "68th ch-BUL"]
[Site "Sofia BUL"]
[Date "2004.04.29"]
[Round "7"]
[White "Bratanov,Z"]
[Black "Georgiev,Kr"]
[Result "1/2-1/2"]
[WhiteElo "2427"]
[BlackElo "2461"]
[EventDate "2004.04.24"]

1. d4 Nf6 2. c4 g6 3. Nc3 Bg7 4. e4 d6 5. Be2 O-O 6. Nf3 e5 7. O-O Na6 8.
Be3 Qe8 9. dxe5 dxe5 10. Nd2 h5 11. c5 Ng4 12. Bxa6 bxa6 13. Nd5 Qd8 14.
Qa4 Rb8 15. Nc4 Qh4 16. h3 Nxe3 17. Ncxe3 Rxb2 18. Rab1 Rd2 19. Qc6 Kh8 20.
Rb8 Be6 21. Rxf8+ Bxf8 22. Nxc7 Bxa2 23. Qe8 1/2-1/2

[Event "68th ch-BUL"]
[Site "Sofia BUL"]
[Date "2004.04.29"]
[Round "7"]
[White "Chatalbashev,B"]
[Black "Kolev,At"]
[Result "1-0"]
[WhiteElo "2543"]
[BlackElo "2540"]
[EventDate "2004.04.24"]

1. d4 Nf6 2. c4 e6 3. Nf3 b6 4. e3 Bb7 5. Nc3 d5 6. cxd5 exd5 7. Bb5+ c6 8.
Bd3 Nbd7 9. O-O Be7 10. b3 O-O 11. Bb2 Bd6 12. Rc1 Re8 13. Qe2 a6 14. Rfd1
Qe7 15. Na4 Ne4 16. Ne5 Bxe5 17. dxe5 b5 18. Bxe4 bxa4 19. Bb1 Nxe5 20. Qc2
Ng6 21. bxa4 a5 22. Rd4 f6 23. Rg4 Nf8 24. Qc3 Ng6 25. Bxg6 hxg6 26. Rxg6
Kf7 27. Rg4 Rh8 28. e4 Bc8 29. Rg3 dxe4 30. Qxc6 Ra7 31. Bd4 Rd7 32. Qc4+
1-0

[Event "68th ch-BUL"]
[Site "Sofia BUL"]
[Date "2004.04.29"]
[Round "7"]
[White "Grigorov,G"]
[Black "Radulski,J"]
[Result "0-1"]
[WhiteElo "2275"]
[BlackElo "2497"]
[EventDate "2004.04.24"]

1. d4 d5 2. c4 e6 3. Nc3 Nf6 4. cxd5 exd5 5. Bg5 c6 6. e3 Nbd7 7. Bd3 Bd6
8. Nge2 Nf8 9. Bf4 Ng6 10. Bxd6 Qxd6 11. Ng3 O-O 12. O-O Bd7 13. Qc2 Rfe8
14. Rab1 Rad8 15. b4 Nh4 16. Nce2 b6 17. Rfc1 Rc8 18. Nf5 Bxf5 19. Bxf5
Nxf5 20. Qxf5 Ne4 21. Rc2 Qe7 22. Ng3 g6 23. Qg4 Nd6 24. Qd1 Nc4 25. Qd3 a5
26. Qc3 axb4 27. Rxb4 Ra8 28. Nf1 Ra3 29. Rb3 Rea8 30. Nd2 b5 31. Nxc4 dxc4
32. Rxa3 Rxa3 33. Qb2 Qa7 34. h4 Qa5 35. Qb1 c3 36. Re2 b4 37. Qe4 Qd5 38.
Qe8+ Kg7 39. Qe7 c5 40. e4 Qxd4 41. e5 Ra8 42. Re1 Rxa2 43. Qf6+ Kg8 44. h5
Rxf2 45. Qxf2 c2 46. Qxd4 cxd4 0-1

[Event "68th ch-BUL"]
[Site "Sofia BUL"]
[Date "2004.04.29"]
[Round "7"]
[White "Iotov,V"]
[Black "Nikolov,M"]
[Result "0-1"]
[WhiteElo "2342"]
[BlackElo "2364"]
[EventDate "2004.04.24"]

1. d4 Nf6 2. c4 d6 3. Nc3 e5 4. Nf3 e4 5. Ng5 Bf5 6. g4 Bxg4 7. Ncxe4 Nxe4
8. Nxe4 d5 9. cxd5 Qxd5 10. Bg2 Bb4+ 11. Kf1 Qd7 12. Be3 Nc6 13. d5 Ne5 14.
Qd4 Bd6 15. f4 Ng6 16. Qxg7 O-O-O 17. Nf6 Bxe2+ 18. Kxe2 Qb5+ 19. Kf2 Qxb2+
20. Kg3 Rdg8 21. Bh3+ Kd8 22. Qxg8+ Rxg8 23. Nxg8 Qc3 24. Kf3 Nxf4 25. Bf5
Nxd5 26. Rae1 Bc5 27. Nf6 Qxf6 28. Bxc5 Qxf5+ 29. Kg3 Qd3+ 30. Kg2 Qc3 31.
Rc1 Nf4+ 32. Kf2 Nd3+ 0-1

[Event "68th ch-BUL"]
[Site "Sofia BUL"]
[Date "2004.04.30"]
[Round "8"]
[White "Radulski,J"]
[Black "Iotov,V"]
[Result "1/2-1/2"]
[WhiteElo "2497"]
[BlackElo "2342"]
[EventDate "2004.04.24"]

1. e4 c5 2. d3 Nc6 3. f4 d6 4. Nf3 g6 5. g3 Bg7 6. Bg2 e6 7. O-O Nge7 8.
Nc3 O-O 9. Be3 b6 10. d4 d5 11. e5 Ba6 12. Re1 Nf5 13. Bf2 cxd4 14. Ne2
Bxe2 15. Rxe2 Rc8 16. Nxd4 Ncxd4 17. Bxd4 g5 18. Bf2 gxf4 19. gxf4 Rc4 20.
Bg3 Qc7 21. Qd3 Rc8 22. c3 d4 23. Be4 dxc3 24. Bxf5 exf5 25. bxc3 Qc5+ 26.
Bf2 Rxc3 27. Qxf5 Qd5 28. Qe4 Qxe4 29. Rxe4 R3c4 30. Rae1 f5 31. Rxc4 Rxc4
32. e6 Kf8 33. Rd1 Re4 34. Rd8+ Ke7 35. Rd7+ Kf8 36. Rxa7 Rxe6 37. Rb7 Re4
38. Rxb6 Rxf4 39. Rb7 Bd4 40. Bxd4 Rxd4 41. Ra7 Rd2 42. a4 Ra2 43. Ra5 Kg7
44. Rxf5 1/2-1/2

[Event "68th ch-BUL"]
[Site "Sofia BUL"]
[Date "2004.04.30"]
[Round "8"]
[White "Kolev,At"]
[Black "Grigorov,G"]
[Result "1-0"]
[WhiteElo "2540"]
[BlackElo "2275"]
[EventDate "2004.04.24"]

1. Nf3 d5 2. d4 e6 3. c4 c6 4. Bg5 f6 5. Bd2 dxc4 6. e3 b5 7. a4 Bb7 8. b3
a5 9. Be2 Nh6 10. O-O Be7 11. axb5 cxb5 12. bxc4 b4 13. c5 O-O 14. Bc4 Bd5
15. Qc2 Na6 16. e4 Bxc4 17. Qxc4 Nc7 18. Bf4 Nf7 19. Nbd2 Kh8 20. Bxc7 Qxc7
21. Qxe6 Qb7 22. Nc4 Nd8 23. Qb6 Ra6 24. Qxb7 Nxb7 25. Ra4 Rfa8 26. Rfa1
Rd8 27. Kf1 b3 28. R1a3 1-0

[Event "68th ch-BUL"]
[Site "Sofia BUL"]
[Date "2004.04.30"]
[Round "8"]
[White "Dochev,D"]
[Black "Bratanov,Z"]
[Result "0-1"]
[WhiteElo "2359"]
[BlackElo "2427"]
[EventDate "2004.04.24"]

1. e4 g6 2. d4 Bg7 3. Nc3 d6 4. Be3 a6 5. f4 b5 6. Bd3 Bb7 7. Nf3 Nd7 8. e5
c5 9. Be4 Bxe4 10. Nxe4 Nh6 11. dxc5 Ng4 12. Qe2 Nxe3 13. Qxe3 dxe5 14.
O-O-O Qc7 15. fxe5 O-O 16. e6 fxe6 17. Nfg5 Bh6 18. Qh3 Bxg5+ 19. Nxg5 Qf4+
20. Kb1 Qxg5 21. Qxe6+ Rf7 22. Rxd7 Qxc5 23. Rhd1 Kg7 24. R7d5 Qc7 25. h4
Rc8 26. Qe2 Qg3 27. h5 Rc6 28. a3 Rcf6 29. Qd2 Qf4 30. Qc3 g5 31. R5d4 Qe5
32. g4 Rf1 33. Qd3 Rxd1+ 34. Qxd1 Rf4 35. Rd8 Qe6 36. Rd4 Qf6 37. Rxf4 gxf4
38. Qf3 Kh6 39. c3 Kg5 40. Kc2 Qe6 41. Kd3 Qxg4 0-1

[Event "68th ch-BUL"]
[Site "Sofia BUL"]
[Date "2004.04.30"]
[Round "8"]
[White "Genov,Peta"]
[Black "Cheparinov,I"]
[Result "0-1"]
[WhiteElo "2483"]
[BlackElo "2555"]
[EventDate "2004.04.24"]

1. d4 Nf6 2. c4 g6 3. Nc3 Bg7 4. e4 d6 5. f3 O-O 6. Bg5 Nc6 7. Nge2 a6 8.
Qd2 Rb8 9. a3 Bd7 10. b4 e5 11. d5 Nd4 12. Rd1 Re8 13. Be3 c5 14. dxc6 Bxc6
15. Nxd4 exd4 16. Bxd4 Bxe4 17. Be2 Bf5 18. O-O Rc8 19. Rc1 h5 20. Rfe1 h4
21. Nd5 Nxd5 22. Bxg7 Kxg7 23. Qxd5 Qb6+ 24. Kf1 Re3 25. Rcd1 Rxa3 26. Qxd6
Qxd6 27. Rxd6 h3 28. g4 Be6 29. Rc1 Rb3 30. Rb6 Bd5 31. c5 Re8 32. Rc2 Rb1+
33. Kf2 Rh1 34. Kg3 Rg1+ 35. Kf4 f6 0-1

[Event "68th ch-BUL"]
[Site "Sofia BUL"]
[Date "2004.04.30"]
[Round "8"]
[White "Rusev,K"]
[Black "Spasov,V"]
[Result "1-0"]
[WhiteElo "2395"]
[BlackElo "2542"]
[EventDate "2004.04.24"]

1. d4 Nf6 2. c4 g6 3. Nc3 Bg7 4. e4 d6 5. f3 O-O 6. Be3 e5 7. Nge2 c6 8.
Qd2 Nbd7 9. O-O-O a5 10. d5 cxd5 11. Nxd5 Ra6 12. Nec3 Nc5 13. h4 Nxd5 14.
cxd5 Ra8 15. h5 b6 16. g4 Ra7 17. Bb5 Bf6 18. Rh2 g5 19. Qe2 h6 20. Kd2 Bd7
21. Ke1 a4 22. Bd2 Ra5 23. Bxd7 Qxd7 24. Nb1 Raa8 25. Na3 b5 26. Qxb5 Qxb5
27. Nxb5 Rfb8 28. Nxd6 Rxb2 29. a3 Nd3+ 30. Kf1 Rb3 31. Nf5 Kh7 32. Be3
Rxa3 33. Rhd2 Nf4 34. Rc2 Rb3 35. Ra1 a3 36. Rca2 Bd8 37. d6 Ra6 38. d7 Rd3
39. Kf2 Bb6 40. Rxa3 Raxa3 41. Rxa3 Bxe3+ 42. Nxe3 Rxd7 43. Ra6 Rd2+ 44.
Kf1 Rd3 45. Kf2 Rd2+ 46. Kf1 Rd3 47. Nf5 Rxf3+ 48. Ke1 Ne6 49. Ra7 Rf4 50.
Rxf7+ Kh8 51. Rf6 Rxe4+ 52. Kd1 Nd4 53. Rxh6+ Kg8 54. Rg6+ Kh7 55. Rh6+ Kg8
56. Ne7+ Kg7 57. Rg6+ Kh7 58. Rxg5 Ne6 59. Rg6 Nf4 60. Rf6 Nh3 61. Rf7+ Kh8
62. Ng6+ Kg8 63. Rf3 Ng5 64. Rg3 Kg7 65. Nh4 Kf6 66. Rg2 Rf4 67. Ke2 Ne4
68. Ng6 Nc3+ 69. Kd3 Rf3+ 70. Kc4 Ne4 71. Kb5 Nd6+ 72. Kc6 Ne4 73. Re2 Ng5
74. Nxe5 Rf1 75. Nd7+ Kf7 76. Re5 Ne6 77. Nc5 Nxc5 78. Rxc5 Kg7 79. Kd6 Rg1
80. Rg5+ Kh7 81. Ke6 Ra1 82. Rd5 Kh6 83. Kf6 Rf1+ 84. Rf5 Ra1 85. Rc5 Rf1+
86. Ke7 Ra1 87. Rc6+ Kh7 88. Kf6 1-0

[Event "68th ch-BUL"]
[Site "Sofia BUL"]
[Date "2004.05.01"]
[Round "9"]
[White "Cheparinov,I"]
[Black "Rusev,K"]
[Result "1-0"]
[WhiteElo "2555"]
[BlackElo "2395"]
[EventDate "2004.04.24"]

1. e4 c5 2. Nf3 d6 3. d4 Nf6 4. Nc3 cxd4 5. Nxd4 Nc6 6. Bg5 e6 7. Qd2 a6 8.
O-O-O Bd7 9. f4 h6 10. Bxf6 Qxf6 11. Nf3 Qd8 12. h4 Qa5 13. Kb1 O-O-O 14.
g4 Be7 15. Qe3 Kb8 16. Bh3 Qc7 17. g5 hxg5 18. Nxg5 Rxh4 19. Nxf7 Rf8 20.
f5 exf5 21. Nd5 Rxe4 22. Qg3 Rxf7 23. Nxc7 Kxc7 24. Bg2 Rg4 25. Qb3 Rf8 26.
Bd5 Bf6 27. a3 Be5 28. Rhe1 Rg6 29. Qd3 Rgf6 30. Rg1 Rh6 31. Rg5 g6 32.
Rgg1 Rfh8 33. Bf7 Be8 34. Qd5 Nd8 35. Bxe8 Rxe8 36. Rh1 Reh8 37. Rxh6 Rxh6
38. Rh1 Rxh1+ 39. Qxh1 Nc6 40. Qh7+ Kb6 41. Qxg6 f4 42. Qf7 Nd4 43. c3 Nb5
44. Kc2 Nc7 45. Kd3 Kc6 46. a4 b5 47. a5 Kb7 48. Qg8 Kc6 49. Qc8 d5 50. Qf5
Kd6 51. Qf8+ Ke6 52. Qd8 Kf5 53. Qe7 Ne6 54. Qf7+ Bf6 55. Qd7 Ke5 56. Qa7
Bh4 57. Qb8+ Kf6 58. Qh8+ Kg5 59. Qe5+ 1-0

[Event "68th ch-BUL"]
[Site "Sofia BUL"]
[Date "2004.05.01"]
[Round "9"]
[White "Bratanov,Z"]
[Black "Genov,Peta"]
[Result "1-0"]
[WhiteElo "2427"]
[BlackElo "2483"]
[EventDate "2004.04.24"]

1. d4 Nf6 2. c4 e6 3. Nc3 Bb4 4. e3 b6 5. Nge2 c5 6. a3 Ba5 7. Bd2 O-O 8.
d5 exd5 9. cxd5 Ba6 10. f3 d6 11. e4 Nbd7 12. Ng3 Bxf1 13. Rxf1 Ne5 14. b3
b5 15. Kf2 c4 16. Kg1 cxb3 17. Qxb3 Rc8 18. Kh1 g6 19. Nge2 a6 20. a4 b4
21. Na2 Qb6 22. Rab1 Rc4 23. Be3 Qc7 24. Rfc1 Rc8 25. Nd4 Bb6 26. Nc6 Bxe3
27. Qxe3 a5 28. Rxc4 Nxc4 29. Qc1 Nb6 30. Nxa5 Qxc1+ 31. Nxc1 Rc2 32. Nd3
Nxa4 33. Nxb4 Re2 34. Nc4 Ne8 35. Kg1 Nc3 36. Ra1 f5 37. e5 dxe5 38. Kf1 e4
39. Ra3 exf3 40. gxf3 Nxd5 41. Nxd5 Rxh2 42. Ra7 Rc2 43. Ne5 Rc5 44. Rd7
Ra5 45. Kf2 Rb5 46. Kg3 Ra5 47. Kf4 Ra4+ 48. Kg5 Ra1 49. Nf7 Rg1+ 50. Kf4
Rh1 51. Ng5 Rh4+ 52. Ke5 h6 53. Ne7+ 1-0

[Event "68th ch-BUL"]
[Site "Sofia BUL"]
[Date "2004.05.01"]
[Round "9"]
[White "Chatalbashev,B"]
[Black "Dochev,D"]
[Result "1-0"]
[WhiteElo "2543"]
[BlackElo "2359"]
[EventDate "2004.04.24"]

1. d4 Nf6 2. c4 g6 3. Nc3 Bg7 4. e4 d6 5. Bd3 O-O 6. Nge2 Nbd7 7. O-O c5 8.
d5 Ne5 9. f4 Nxd3 10. Qxd3 a6 11. a4 Bd7 12. h3 b5 13. axb5 axb5 14. Rxa8
Qxa8 15. cxb5 Rb8 16. e5 Ne8 17. Qf3 e6 18. dxe6 Bxe6 19. Qxa8 Rxa8 20. Be3
Rb8 21. Rd1 dxe5 22. Bxc5 Nc7 23. Ba7 Re8 24. b6 Na6 25. b7 Nb8 26. Nb5 Nc6
27. Nd6 Rf8 28. Rc1 Nxa7 29. Nc8 Rxc8 30. Rxc8+ 1-0

[Event "68th ch-BUL"]
[Site "Sofia BUL"]
[Date "2004.05.01"]
[Round "9"]
[White "Grigorov,G"]
[Black "Georgiev,Kr"]
[Result "1/2-1/2"]
[WhiteElo "2275"]
[BlackElo "2461"]
[EventDate "2004.04.24"]

1. d4 g6 2. c4 Bg7 3. Nc3 d6 4. e4 c6 5. Nf3 Bg4 6. Be2 Bxf3 7. Bxf3 Qb6 8.
d5 Qb4 9. Qb3 a5 10. Bd2 Bh6 11. Bxh6 Nxh6 12. O-O Nd7 13. Na4 Qxb3 14.
axb3 O-O 15. dxc6 bxc6 16. c5 f5 17. cxd6 exd6 18. exf5 Ne5 19. Be2 Nxf5
20. Rfd1 Rab8 21. f4 Nf7 22. Rac1 Rb4 23. Rc4 Rxc4 24. Bxc4 Rb8 25. g4 Ne3
26. Rd3 Nxc4 27. bxc4 Rb4 28. b3 d5 29. cxd5 cxd5 30. Rxd5 Rxf4 31. h3 Rf3
32. Kg2 Rxb3 33. Rxa5 Ra3 34. Ra8+ Kg7 35. Nb6 1/2-1/2

[Event "68th ch-BUL"]
[Site "Sofia BUL"]
[Date "2004.05.01"]
[Round "9"]
[White "Iotov,V"]
[Black "Kolev,At"]
[Result "1-0"]
[WhiteElo "2342"]
[BlackElo "2540"]
[EventDate "2004.04.24"]

1. d4 Nf6 2. c4 e6 3. Nc3 Bb4 4. e3 O-O 5. Bd3 d5 6. Nf3 c5 7. O-O dxc4 8.
Bxc4 Qe7 9. a3 Ba5 10. Qc2 Bd7 11. Ba2 Rc8 12. Ne5 cxd4 13. exd4 Nc6 14.
Bg5 Be8 15. Rad1 Bb6 16. Nxc6 Bxc6 17. Rfe1 h6 18. Bh4 Qd6 19. Bxf6 gxf6
20. d5 Bxd5 21. Bxd5 exd5 22. Qf5 Re8 23. Ne4 1-0

[Event "68th ch-BUL"]
[Site "Sofia BUL"]
[Date "2004.05.01"]
[Round "9"]
[White "Nikolov,M"]
[Black "Radulski,J"]
[Result "1/2-1/2"]
[WhiteElo "2364"]
[BlackElo "2497"]
[EventDate "2004.04.24"]

1. e4 e5 2. Nf3 Nc6 3. Bb5 a6 4. Ba4 Nf6 5. O-O Be7 6. Re1 b5 7. Bb3 d6 8.
c3 Na5 9. Bc2 c5 10. d4 Qc7 11. h3 h6 12. Nbd2 g5 13. dxe5 dxe5 14. Nh2 Be6
15. Ndf1 Rd8 16. Qf3 Nc4 17. b3 Nd6 18. Ng4 Nxg4 19. hxg4 h5 20. Ne3 hxg4
21. Nxg4 Bxg4 22. Qxg4 Qd7 23. Qxd7+ Rxd7 24. Be3 b4 25. cxb4 cxb4 26. Bd3
Nf5 27. exf5 Rxd3 28. Red1 Rxd1+ 29. Rxd1 g4 30. Rd5 f6 31. Ra5 1/2-1/2

[Event "68th ch-BUL"]
[Site "Sofia BUL"]
[Date "2004.05.01"]
[Round "10"]
[White "Kolev,At"]
[Black "Nikolov,M"]
[Result "1/2-1/2"]
[WhiteElo "2540"]
[BlackElo "2364"]
[EventDate "2004.04.24"]

1. Nf3 Nf6 2. c4 c5 3. Nc3 d5 4. cxd5 Nxd5 5. d4 cxd4 6. Qxd4 Nxc3 7. Qxc3
Nc6 8. e4 e6 9. Bb5 Bd7 10. O-O Qb6 11. a4 Qc5 12. Qb3 a6 13. Be2 Qb4 14.
Qc2 Rc8 15. Bd2 Nd4 16. Nxd4 Qxd4 17. Bc3 Qc5 18. Rfd1 Qc7 19. Qd2 Bc6 20.
Ba5 Qe7 21. Rac1 f6 22. b4 Ra8 23. b5 axb5 24. Bxb5 Kf7 25. Bxc6 bxc6 26.
Rxc6 Qe8 27. Rc7+ Kg6 28. Rd7 h5 29. e5 f5 30. h4 Rh6 31. Bb4 Kh7 32. a5
Rg6 33. Bxf8 Qxf8 34. Ra1 Qc5 35. a6 Qc6 36. g3 Rxa6 37. Rc1 Qf3 38. Rd3
Qe4 39. Kh2 f4 40. Re1 fxg3+ 41. fxg3 Qc4 42. Rc1 Qe4 43. Re1 Qc4 44. Re2
Ra1 45. Qc3 Qg4 46. Rf3 Rf1 47. Ref2 Rxf2+ 48. Rxf2 Qe4 49. Rf4 Qe2+ 50.
Kg1 Rg4 51. Rxg4 hxg4 52. Qd4 Qe1+ 53. Kg2 Qe2+ 54. Kg1 Qe1+ 1/2-1/2

[Event "68th ch-BUL"]
[Site "Sofia BUL"]
[Date "2004.05.01"]
[Round "10"]
[White "Georgiev,Kr"]
[Black "Iotov,V"]
[Result "1/2-1/2"]
[WhiteElo "2461"]
[BlackElo "2342"]
[EventDate "2004.04.24"]

1. e4 c5 2. Nf3 e6 3. b3 a6 4. Bb2 d6 5. g3 Nf6 6. e5 dxe5 7. Nxe5 Nc6 8.
f4 Qd5 9. Qf3 Qxf3 10. Nxf3 Be7 11. Bg2 O-O 12. Na3 Ra7 13. O-O b5 14. Ne5
Nxe5 15. fxe5 Nd7 16. Nb1 Bb7 17. a4 Bxg2 18. Kxg2 Rb7 19. axb5 axb5 20.
Re1 Rd8 21. Ra5 Nb8 22. Ra8 c4 23. bxc4 bxc4 24. Bc3 Nc6 25. Ra4 Bb4 26.
Na3 Bxa3 27. Rxa3 Nb4 1/2-1/2

[Event "68th ch-BUL"]
[Site "Sofia BUL"]
[Date "2004.05.01"]
[Round "10"]
[White "Dochev,D"]
[Black "Grigorov,G"]
[Result "1/2-1/2"]
[WhiteElo "2359"]
[BlackElo "2275"]
[EventDate "2004.04.24"]

1. e4 c5 2. Nf3 Nc6 3. d4 cxd4 4. Nxd4 Nf6 5. Nc3 e5 6. Ndb5 d6 7. Bg5 a6
8. Na3 b5 9. Bxf6 gxf6 10. Nd5 Bg7 11. c3 f5 12. exf5 Bxf5 13. Nc2 O-O 14.
Nce3 Be6 15. Bd3 f5 16. Qh5 e4 17. Bc2 Ne7 18. Rd1 Nxd5 19. Nxd5 Bxd5 20.
Rxd5 Qf6 21. O-O Kh8 22. g4 fxg4 23. Bxe4 Bh6 24. Kh1 Qe6 25. Bg2 Ra7 26.
Rd4 Bf4 27. Re4 Be5 1/2-1/2

[Event "68th ch-BUL"]
[Site "Sofia BUL"]
[Date "2004.05.01"]
[Round "10"]
[White "Rusev,K"]
[Black "Bratanov,Z"]
[Result "1-0"]
[WhiteElo "2395"]
[BlackElo "2427"]
[EventDate "2004.04.24"]

1. c4 Nf6 2. g3 e6 3. Bg2 d5 4. Nf3 dxc4 5. O-O Nbd7 6. Qa4 a6 7. Qxc4 b5
8. Qc2 Bb7 9. d3 c5 10. b3 Be7 11. Bb2 O-O 12. Nbd2 Nd5 13. a3 Bf6 14. Rac1
Bxb2 15. Qxb2 Qf6 16. Qxf6 N5xf6 17. Rc2 Rfb8 18. Rfc1 h6 19. d4 cxd4 20.
Nxd4 Bxg2 21. Kxg2 Ne5 22. f4 Neg4 23. Nf1 h5 24. Kf3 e5 25. Nc6 Re8 26. h3
exf4 27. gxf4 Nh6 28. Ne3 Kh7 29. Ne5 g5 30. Rc7 gxf4 31. Kxf4 Kg7 32. Nf5+
Nxf5 33. Kxf5 Rxe5+ 34. Kxe5 Re8+ 35. Kf5 Nd5 36. Rd7 Ne7+ 37. Kg5 Ng6 38.
Rf1 Ne5 39. Ra7 Re6 40. Rf5 h4 41. b4 Kg8 42. Rf6 Re8 43. Rfxa6 Kg7 44. Rf6
Rd8 45. Rf5 Re8 46. Rb7 Re6 47. Rc7 Re8 48. Ra7 Re6 49. Rb7 Re8 50. Rxb5
Nc4 51. Rf4 Nd6 52. Rd5 Ne4+ 53. Kxh4 Nc3 54. Rd7 Nxe2 55. Rfxf7+ Kg6 56.
Rfe7 1-0

[Event "68th ch-BUL"]
[Site "Sofia BUL"]
[Date "2004.05.02"]
[Round "11"]
[White "Bratanov,Z"]
[Black "Spasov,V"]
[Result "0-1"]
[WhiteElo "2427"]
[BlackElo "2542"]
[EventDate "2004.04.24"]

1. d4 Nf6 2. c4 g6 3. Nc3 Bg7 4. e4 d6 5. Nf3 O-O 6. Be2 e5 7. O-O Nc6 8.
d5 Ne7 9. b4 Nh5 10. Re1 f5 11. Ng5 Nf4 12. Bxf4 exf4 13. Rc1 Bh6 14. h4
fxe4 15. Ncxe4 Nf5 16. Bg4 a5 17. b5 f3 18. Bxf5 gxf5 19. Nd2 fxg2 20. Qh5
Qf6 21. Ndf3 Bd7 22. Nd4 Be8 23. Qd1 Bxg5 24. hxg5 Qxg5 25. Qf3 Qh6 26.
Kxg2 Rf6 27. Ne6 Bh5 28. Qf4 Rxe6 0-1

[Event "68th ch-BUL"]
[Site "Sofia BUL"]
[Date "2004.05.02"]
[Round "11"]
[White "Chatalbashev,B"]
[Black "Rusev,K"]
[Result "1-0"]
[WhiteElo "2543"]
[BlackElo "2395"]
[EventDate "2004.04.24"]

1. d4 d5 2. c4 c6 3. e3 Nf6 4. Nf3 a6 5. Bd3 Bg4 6. Nbd2 e6 7. Qc2 Nbd7 8.
b3 Bh5 9. O-O Bg6 10. Bxg6 hxg6 11. e4 dxe4 12. Nxe4 Nxe4 13. Qxe4 Bd6 14.
Re1 Qc7 15. h3 O-O-O 16. c5 Be7 17. Bf4 Qa5 18. Nd2 Nxc5 19. dxc5 Rxd2 20.
Qe5 Bxc5 21. Bxd2 1-0

[Event "68th ch-BUL"]
[Site "Sofia BUL"]
[Date "2004.05.02"]
[Round "11"]
[White "Grigorov,G"]
[Black "Genov,Peta"]
[Result "0-1"]
[WhiteElo "2275"]
[BlackElo "2483"]
[EventDate "2004.04.24"]

1. d4 Nf6 2. c4 e6 3. Nc3 Bb4 4. Qc2 c5 5. dxc5 Qc7 6. Nf3 a6 7. g3 Bxc5 8.
Bf4 d6 9. Bg2 h6 10. Rd1 e5 11. Bc1 Be6 12. Nd2 Nc6 13. O-O O-O 14. Qd3 Nb4
15. Qb1 Bd4 16. Nd5 Nbxd5 17. cxd5 Bg4 18. Qd3 Rac8 19. Nb3 Ba7 20. Be3
Bxe3 21. Qxe3 Qc4 22. Rd2 Qb5 23. h3 Bf5 24. g4 Bc2 25. g5 hxg5 26. Qxg5
Rfe8 27. Qg3 Bxb3 28. axb3 Rc5 29. Rfd1 Rec8 30. Kh2 Rc2 31. Rxc2 Rxc2 32.
Bf3 Qb4 33. Rg1 Qf4 34. Qxf4 exf4 35. Rd1 Rxb2 36. Rd3 Nd7 37. Kg2 Nc5 38.
Rd4 Rxb3 39. Rxf4 a5 0-1

[Event "68th ch-BUL"]
[Site "Sofia BUL"]
[Date "2004.05.02"]
[Round "11"]
[White "Iotov,V"]
[Black "Dochev,D"]
[Result "1-0"]
[WhiteElo "2342"]
[BlackElo "2359"]
[EventDate "2004.04.24"]

1. d4 Nf6 2. c4 g6 3. Nc3 Bg7 4. e4 d6 5. Nf3 O-O 6. Be2 e5 7. O-O Nc6 8.
d5 Ne7 9. Ne1 Nd7 10. Be3 f5 11. f3 f4 12. Bf2 g5 13. Rc1 a6 14. Na4 Rf6
15. c5 Rh6 16. Qb3 b5 17. cxb6 cxb6 18. Nxb6 Rb8 19. Nxc8 Rxb3 20. Nxe7+
Qxe7 21. axb3 Nc5 22. b4 Nb3 23. Rc8+ Bf8 24. Nc2 Qd7 25. Rc3 Nd4 26. Nxd4
exd4 27. Rc6 d3 28. Bxd3 g4 29. Bb6 Qg7 30. Rc2 Qb7 31. Rc6 Qg7 32. fxg4
Qxg4 33. Rc2 Qh4 34. h3 Qg3 35. Rf3 Qe1+ 36. Kh2 Qxb4 37. Rxf4 Qxb6 38. Rc8
Kg7 39. Rcxf8 Rg6 40. e5 dxe5 41. R4f7+ Kh6 42. Bxg6 hxg6 43. h4 Kh5 44.
Kh3 1-0

[Event "68th ch-BUL"]
[Site "Sofia BUL"]
[Date "2004.05.02"]
[Round "11"]
[White "Nikolov,M"]
[Black "Georgiev,Kr"]
[Result "1-0"]
[WhiteElo "2364"]
[BlackElo "2461"]
[EventDate "2004.04.24"]

1. d4 g6 2. c4 Bg7 3. Nc3 d6 4. e4 c6 5. Nf3 Bg4 6. Be3 e5 7. d5 c5 8. h3
Bxf3 9. Qxf3 h5 10. h4 Bh6 11. g3 a6 12. Bh3 Nd7 13. Qe2 Kf8 14. O-O-O
Bxe3+ 15. Qxe3 Kg7 16. f4 Ngf6 17. Rdf1 Qe7 18. Rh2 b5 19. f5 Nb6 20. fxg6
fxg6 21. Qg5 Rhf8 22. Rhf2 Nxc4 23. Bf5 Qe8 24. Be6 Qe7 25. g4 Ne3 26. Qxe3
Nxg4 27. Bxg4 Rxf2 28. Qxf2 hxg4 29. Qg3 Rh8 30. Qxg4 Rxh4 31. Qg2 Rf4 32.
Rh1 Rh4 33. Rg1 Qf6 34. Ne2 Kh6 35. Kb1 Kg7 36. a3 Kh6 37. Rf1 Qe7 38. Qf3
Kg7 39. Qe3 Rg4 40. Qh3 Rxe4 41. Rh1 Qe8 42. Qh6+ Kf6 43. Rf1+ Ke7 44. Qg7+
Kd8 45. Rf8 1-0

[Event "68th ch-BUL"]
[Site "Sofia BUL"]
[Date "2004.05.03"]
[Round "12"]
[White "Dimitrov,V"]
[Black "Kolev,At"]
[Result "1/2-1/2"]
[WhiteElo "2459"]
[BlackElo "2540"]
[EventDate "2004.04.24"]

1. d4 Nf6 2. c4 e6 3. Nc3 Bb4 4. e3 b6 5. Bd3 Bb7 6. Nf3 O-O 7. O-O d5 8.
cxd5 exd5 9. a3 Bd6 10. b4 a6 11. Qb3 Qe7 12. Bb2 Nbd7 13. Rfe1 Rab8 14. b5
axb5 15. Nxb5 c5 16. Bf5 c4 17. Qc2 g6 18. Bh3 Ne4 19. Bc3 Nxc3 20. Qxc3
Nf6 21. Nd2 Bc6 22. Nxd6 Qxd6 23. f3 Rfd8 24. Qb4 Qxb4 25. axb4 Ra8 26. g4
h6 27. Nf1 Bb5 28. Ng3 c3 29. Bf1 Bxf1 30. Kxf1 Rac8 31. Rec1 Rc4 32. b5
Ne8 33. Ne2 c2 34. Ra6 Rb8 35. Ra2 Rbc8 36. Nf4 Nc7 37. Raxc2 Nxb5 38. Rxc4
dxc4 39. Nd5 Ra8 40. Rxc4 Ra2 41. h4 Rb2 42. Rc8+ Kg7 43. g5 Nd6 44. Rd8
Nc4 45. Nf6 Nd2+ 46. Ke2 hxg5 47. hxg5 Ne4+ 48. Kd3 1/2-1/2

[Event "68th ch-BUL"]
[Site "Sofia BUL"]
[Date "2004.05.03"]
[Round "12"]
[White "Georgiev,Kr"]
[Black "Radulski,J"]
[Result "1/2-1/2"]
[WhiteElo "2461"]
[BlackElo "2497"]
[EventDate "2004.04.24"]

1. e4 e5 2. Nf3 Nc6 3. Bb5 a6 4. Ba4 Nf6 5. O-O Be7 6. Bxc6 dxc6 7. d3 Nd7
8. Nbd2 O-O 9. Nc4 f6 10. Be3 Nc5 11. h3 Ne6 1/2-1/2

[Event "68th ch-BUL"]
[Site "Sofia BUL"]
[Date "2004.05.03"]
[Round "12"]
[White "Dochev,D"]
[Black "Nikolov,M"]
[Result "1/2-1/2"]
[WhiteElo "2359"]
[BlackElo "2364"]
[EventDate "2004.04.24"]

1. e4 c5 2. Nf3 Nc6 3. d4 cxd4 4. Nxd4 Qb6 5. Nb3 Nf6 6. Nc3 e6 7. Qe2 d6
8. g4 a6 9. f4 Qc7 10. Bg2 Be7 11. a4 b6 12. O-O Nd7 13. g5 O-O 14. Be3 Re8
15. Rad1 Bf8 16. Qh5 g6 17. Qh4 Nb4 18. Rd2 Bb7 19. Rf3 Rac8 20. Rh3 h6 21.
gxh6 Kh7 22. Nd4 Be7 23. Qf2 Nf6 24. Rg3 Rg8 1/2-1/2